| 000 | 00884nam a2200301Ia 4500 | ||
|---|---|---|---|
| 001 | 3205 | ||
| 005 | 20240113233618.0 | ||
| 007 | ta | ||
| 008 | 050409s1995 a g b000 u eng u | ||
| 020 | _a0-697-15785-7 | ||
| 040 | _aCotton College,Assam | ||
| 041 | _aeng | ||
| 082 |
_a910.03 _bFe 33 Hu |
||
| 100 | _aFellmann, Jerome . | ||
| 245 | 0 |
_aHuman Geography Landscapes of Human Activity / _cJerome Fellmann Arthur Getis, Judith Getis. _hTextual Documents |
|
| 250 | _a4th ed. / | ||
| 260 |
_aLondon : _bWm.C.Brown Publishers , _c1995. |
||
| 300 |
_a519p. : _bill. ; _c27 cm . |
||
| 500 | _aOne Suppliment Copy ,Pages-122p. Maps/Art NoteBook. | ||
| 504 | _aAppendix, Index. | ||
| 653 | _aGeography-Human | ||
| 653 | _aHuman geography | ||
| 653 | _aG-Geography | ||
| 700 | _aGetis, Judith . | ||
| 942 |
_2ddc _cBK |
||
| 999 |
_c3193 _d3193 |
||